Gminy Powiatu Pleszewskiego - Statystyki

Ogólne statystyki
  • Ten quiz został rozwiązany 68 razy
  • Średni wynik to 4 z 6
Statystyki odpowiedzi
Hint Odpowiedź % Poprawnych
miejsko-wiejska Pleszew
87%
wiejska Czermin
71%
miejsko-wiejska Chocz
66%
miejsko-wiejska Dobrzyca
66%
wiejska Gołuchów
63%
wiejska Gizałki
53%
Nie znaleziono quizów pasujących do podanych kryteriów
Rozkład punktacji
Procent ludzi z każdym wynikiem
Percentyl według liczby udzielonych odpowiedzi
Twoja historia wyników
Nie rozwiązałeś tego quizu